Coupes du Monde de Football: Ghana - Statistiques

Statistiques générales
  • Ce quiz a été pris 106 fois
    65 depuis la dernière actualisation
  • Le résultat moyen est 8 sur 10
Statistiques - réponses
Réponse % Correct
Portugal
95%
Uruguay
93%
Allemagne
91%
Etats-Unis
84%
Brésil
82%
Corée du Sud
81%
Italie
79%
Australie
65%
Serbie
63%
République Tchèque
42%
Aucun quiz correspondant
Distribution des résultats
% des personnes avec chaque résultat
Percentile par nombre de réponses
Votre historique - résultats
Vous n’avez pas pris ce quiz depuis la dernière actualisation